Normal view
MARC view
Entry Topical Term
001 - CONTROL NUMBER
- control field: 7738
003 - CONTROL NUMBER IDENTIFIER
- control field: HDC
005 - DATE AND TIME OF LATEST TRANSACTION
- control field: 20230624073249.0
008 - FIXED-LENGTH DATA ELEMENTS
- fixed length control field: 210127|| aca||aabn | a|a d
040 ## - CATALOGING SOURCE
- Original cataloging agency: HDC
- Transcribing agency: HDC
150 ## - HEADING--TOPICAL TERM
- Topical term or geographic name entry element: Manufacturing industry
670 ## - SOURCE DATA FOUND
- Source citation: Work cat.: (HDC): Laupa Junus author 7737, De First mahu perluas pasaran /, 2017
